| 000 | 01335cam a2200361 i 4500 | ||
|---|---|---|---|
| 001 | 21027 | ||
| 003 | Mx-PuUPA | ||
| 005 | 20240708102052.0 | ||
| 008 | 140415s1997 sp a gre 001 0 spa d | ||
| 017 | _aM. 6.105-1961 | ||
| 020 | _a8423952762 | ||
| 040 |
_aMx-PuUPA _bspa _cMx-PuUPA _dMx-PuUPA _erda |
||
| 041 | 0 | _aspa | |
| 245 | 0 | 0 |
_aArte europeo y norteamericano del siglo XIX / _cpor J. Rogelio Buendía y Julián Gállego |
| 250 | _aCuarta edición | ||
| 264 | 1 |
_aMadrid : _bEspasa-Calpe, _c1997 _c©1990 |
|
| 300 |
_a868 páginas : _bilustraciones (algunas a color) ; _c28 cm |
||
| 336 |
_2rdacontent _atexto _btxt |
||
| 336 |
_2rdacontent _aimagen fija _bsti |
||
| 337 |
_2rdamedia _asin medio _bn |
||
| 338 |
_2rdacarrier _avolumen _bnc |
||
| 490 | 1 |
_aSumma artis, historia general del arte ; _v34 |
|
| 650 | 7 |
_aArte _xHistoria _2armarc |
|
| 655 | 7 |
_2armarc _aEnciclopedias |
|
| 700 | 1 |
_aBuendía, J. Rogelio, _eautor _912082 |
|
| 700 | 1 |
_aGállego, Julián, _eautor |
|
| 785 | 0 | 0 |
_aGómez-Moreno, María Elena, _bTercera edición _dMadrid : Espasa-Calpe, 1996 _tPintura y escultura españolas del siglo XIX _w(Mx-PuUPA) 21029 _z8423954765 |
| 830 | 0 |
_912114 _aSumma artis, historia general del arte _v34 |
|
| 942 |
_2ddc _cLI _h709 _iS955 |
||
| 999 |
_c21027 _d21027 |
||